Democracy and governance in India / (Record no. 54374)

MARC details
000 -LEADER
fixed length control field 00767nam a22002537a 4500
005 - DATE AND TIME OF LATEST TRANSACTION
control field 20250423114855.0
008 - FIXED-LENGTH DATA ELEMENTS--GENERAL INFORMATION
fixed length control field 110726t xxu||||| |||| 00| 0 eng d
010 ## - LCCN (DPL NO)
LC control number ENG-103133
020 ## - INTERNATIONAL STANDARD BOOK NUMBER
International Standard Book Number 9788180548420
Terms of availability 185.00
020 ## - INTERNATIONAL STANDARD BOOK NUMBER
International Standard Book Number 8180548422
Terms of availability 185.00
035 ## - SYSTEM CONTROL NUMBER
System control number EN-86666,B-216889
037 ## - SOURCE OF ACQUISITION
Source of stock number/acquisition DBAD / PUB
040 ## - CATALOGING SOURCE
Original cataloging agency dpl
Language of cataloging English
082 ## - DEWEY DECIMAL CLASSIFICATION NUMBER
Classification number 330.954
100 ## - MAIN ENTRY--PERSONAL NAME
9 (RLIN) 29868
Personal name by Tayal, B.B.
245 ## - TITLE STATEMENT
Title Democracy and governance in India /
Statement of responsibility, etc by B.B. Tayal [and] B.S. Bagla
250 ## - EDITION STATEMENT
Edition statement 2nd ed
260 ## - PUBLICATION, DISTRIBUTION, ETC. (IMPRINT)
Place of publication, distribution, etc New Delhi
Name of publisher, distributor, etc Sultan Chand
Date of publication, distribution, etc 2011
270 ## - ADDRESS
Address 23, Daryaganj
City New Delhi
Postal code 110002
300 ## - PHYSICAL DESCRIPTION
Extent xiv,357p. :
Dimensions 24cm (pbk)
Other physical details ill.
500 ## - GENERAL NOTE
General note Includes index
700 ## - ADDED ENTRY--PERSONAL NAME
9 (RLIN) 29871
Personal name Bagla, B.S.
942 ## - ADDED ENTRY ELEMENTS (KOHA)
Source of classification or shelving scheme Dewey Decimal Classification
Item type English Books
Classification part 330.954
Call number suffix TAY
Holdings
Withdrawn status Lost status Source of classification or shelving scheme Damaged status Not for loan Collection code Home library Current library Date acquired Source of acquisition Cost, normal purchase price Total Checkouts Full call number Barcode Date last seen Copy number Cost, replacement price Koha item type
    Dewey Decimal Classification   Not For Loan Non-fiction Bawana Bawana 23/04/2025   140.00   330.954 TAY B-216889 14/05/2025   140.00 English Books
    Dewey Decimal Classification   Not For Loan Non-fiction D.B.Act.Division D.B.Act.Division 26/07/2011 DBAD/PUB 185.00   330.954 TAY EN-86666 26/07/2011 1 185.00 English Books

© Delhi Public Library
Hit Counter
free hit counter